00534nam a2200169 a 4500008004100000050002200041100001700063245005000080246006300130260003900193300000900232350000900241490004600250650001400296650003600310700001800346060801s2006 ||||||||||||||||| || u aIBRD(08)PRWP/3915 a[and others]10aRural-Urban migration in developing countries aa survey of theoretical predictions and empirical findings aWashington, D. CbWorld Bankc2006 a63p. a0.00 aWorld Bank policy research working papers 0aECONOMICS aRURAL-URBAN MIGRATION--RESEARCH aLall, Somik V